Liedtext-König der Löwen-Der Ewige Kreis - Statistiken

Allgemein
  • Dieses Quiz wurde 100 mal gespielt
  • Das Durchschnittsergebnis liegt bei 99 aus 139
Antwortstatistiken
Antwort % Korrekt
ingonyama
94%
Kreis
94%
kreis
94%
(asana)
93%
baba
93%
bagithi
93%
ingonyama
93%
Ingonyama
93%
ingonyama nengw enamabala
93%
Nqoba
93%
(se-to-kwa)
93%
Sithi
93%
siyo
93%
uhhmm
93%
der
87%
und
85%
Und
85%
das
84%
Leben
84%
leben
84%
die
81%
ein
75%
Ein
75%
so
75%
Sonne
72%
wir
72%
alle
71%
ewigen
71%
im
71%
uns
71%
an
69%
Von
69%
zu
69%
ewiger
68%
Geburt
63%
ist
63%
Natur
63%
natur
63%
Alles
62%
alles
62%
beginnt
62%
dem
62%
Erlebnis
62%
goldenen
62%
sind
62%
unser
62%
Gesetz
60%
gesetz
60%
groß
60%
in
60%
sich
60%
zieht
60%
Es
59%
hier
59%
ihren
59%
kann
59%
neu
59%
je
57%
klein
57%
sehen
57%
viel
57%
dieses
56%
drehen
56%
mehr
56%
Wunder
56%
als
54%
dreht
54%
tun
54%
Universums
54%
weit
54%
zur
54%
endlos
53%
man
53%
Wenn
53%
gibt
51%
Teil
51%
Ewigkeit
50%
verstehen
50%
leis
47%
geweiht
44%
führt
28%
Nants
15%
Keine übereinstimmenden Quizze gefunden
Verteilung der Resultate
Anzahl Personen mit jedem Resultat
Perzentil nach korrekt beantworteten Fragen
Ihre Resultats-Entwicklung
Sie haben dieses Quiz noch nicht gespielt